| 000 | 00610nam a2200205Ia 4500 | ||
|---|---|---|---|
| 008 | 220214s9999 xx 000 0 und d | ||
| 100 | _aBokma Evert | ||
| 245 | 0 | _aDetermination of cDNA and genomic DNA sequences of hevamine, a chitinase from the rubber tree Hevea brasiliensis | |
| 260 |
_bPlant Physiology and Biochemistry _c2001 |
||
| 300 | _a367-376 | ||
| 650 | _aDNA sequence | ||
| 650 | _aHevamine | ||
| 650 | _aPR-proteins | ||
| 700 | _aBeintema Laap J | ||
| 700 | _aChow Keng-See | ||
| 700 | _aMulder PPatty P M F A | ||
| 700 | _aSpiering Marjolein | ||
| 700 | _aSubroto Toto | ||
| 942 | _cRE | ||
| 999 |
_c45351 _d45351 |
||